| 000 | 02222nam0a2200325 4500 | ||
|---|---|---|---|
| 001 | RU\NLR\bibl\1510900 | ||
| 005 | 20250616023509.0 | ||
| 021 |
_aRU _b2010-24339 _91631 |
||
| 035 | _a(NLR Aleph) 001502297 | ||
| 090 |
_a1798115 _c1798115 |
||
| 100 | _a20100514d2010 |||y0rusy50 ca | ||
| 101 | 0 | _arus | |
| 102 | _aRU | ||
| 105 | _aa ||||||||| | ||
| 200 | 1 |
_aDesignLab. Руководство по схемотехническому моделированию _eучебно-методическое пособие для студентов направления 210300 "Радиотехника", специальностей 210302 "Радиотехника", 210303 "Бытовая радиоэлектронная аппаратура" и 210300.62 "Радиотехника" (бакалавриат) очной и заочной форм обучения _fЕ.И. Старченко, А.И. Гавлицкий _gМ-во образования и науки Рос. Федерации, Федер. агентство по образованию, Гос. образоват. учреждение высш. проф. образования "Юж.-Рос. гос. ун-т экономики и сервиса" (ГОУ ВПО "ЮРГУЭС") |
|
| 205 | _a2-е изд., перераб. и доп. | ||
| 210 |
_aШахты _cИзд-во ЮРГУЭС _d2010 |
||
| 215 |
_a45, [1] с. _cил. _d21 |
||
| 320 | _aБиблиогр. в конце кн. (6 назв.) | ||
| 517 | 0 | _aРуководство по схемотехническому моделированию | |
| 606 | 1 |
_aDESIGNLAB 8.0, система автоматизированного проектирования _jУчебно-методические пособия для высших учебных заведений _92082639 _3RU\NLR\auth\661258666 |
|
| 686 | _aЗ844-02-5-05я73-1 | ||
| 700 | 1 |
_aСтарченко _bЕ. И. _gЕвгений Иванович _4070 |
|
| 701 | 1 |
_aГавлицкий _bА. И. _gАлександр Иванович _4070 |
|
| 801 | 0 |
_aRU _bNLR _c20100514 _gRCR |
|
| 801 | 1 |
_aRU _bNLR _c20100514 |
|
| 830 | _aавт. по кн. | ||
| 942 | _cBOOK | ||
| 980 | _aNB | ||